甘肃人口最多的20个县级行政区 20 most populous county-level regions in Gansu - Statistics

General Stats
  • This quiz has been taken 43 times
  • The average score is 15 of 20
Answer Stats
人口 地市 县区 % Correct
148 兰州市 城关区
97%
89 武威市 凉州区
91%
56 天水市 麦积区
91%
52 张掖市 甘州区
91%
71 兰州市 七里河区
88%
46 酒泉市 肃州区
88%
66 天水市 秦州区
82%
47 兰州市 榆中县
82%
55 陇南市 武都区
79%
41 兰州市 西固区
79%
50 平凉市 崆峒区
74%
43 定西市 陇西县
71%
48 定西市 临洮县
68%
44 兰州市 安宁区
68%
42 定西市 安定区
68%
51 庆阳市 西峰区
65%
43 定西市 岷县
53%
42 天水市 秦安县
50%
51 天水市 甘谷县
47%
42 陇南市 礼县
41%
No matching quizzes found
Score Distribution
Percent of People with Each Score
Percentile by Number Answered
Your Score History
You have not taken this quiz